Etiqueta de registo: 00254nam 2200025 450
001 2286883
003 http://id.bnportugal.gov.pt/bib/catbnp/2286883
010 ## $a978-989-570-666-2
021 ## $aPT$b562804/26
100 ## $a20260526d2026 m y0pory01030103ba
101 1# $apor$ceng
102 ## $aPT
105 ## $aa z 000ay
106 ## $ar
200 1# $a O rapaz do bloco 66$fLimor Regev$gtrad. António Júnior
205 ## $a1ª ed
210 #9 $a[S.l.]$cAlma dos Livros,$d2026
215 ## $a267, [12] p.$d24 cm
304 ## $aTít. orig.: The boy from block 66
700 #1 $aRegev,$bLimor$31999258
702 #1 $aJúnior,$bAntónio$4730$31485537
801 #0 $aPT$bBN$gRPC
966 ## $lBN$mFGMON$x1
966 ## $lBN$mFGMON$x1
971 ## $corlando$d20260526